000
00403nam a22001697a 4500
003
MPLRDC
005
20220104144223.0
008
210129b ||||| |||| 00| 0 eng d
082
_a
292.96 FTYX
100
_a
福田有宵
245
_a
扑克牌算命
_c
260
_a
台湾
_b
雷鼓出版社
_c
300
_b
344
490
_a
易学圣典
650
_a
占卜--牌占
942
_c
BK
_o
292.96 FTYX
999
_c
47549
_d
47539